书目信息 |
| 题名: |
水稻病毒的分子生物学
|
|
| 作者: | 李毅 , 陈章良 编著 | |
| 分册: | ||
| 出版信息: | 北京 科学出版社 2001.2 |
|
| 页数: | 249页 | |
| 开本: | 26cm | |
| 丛书名: | “863”生物高技术丛书 | |
| 单 册: | ||
| 中图分类: | S435.111 | |
| 科图分类: | ||
| 主题词: | 水稻--植物病害--病毒--分子生物学 , 植物--病虫害防治方法 | |
| 电子资源: | ||
| ISBN: | 7-03-008428-4 | |
| 000 | 00758nam0 2200241 45 | |
| 001 | 0301160863 | |
| 005 | 20031219104103.5 | |
| 010 | @a7-03-008428-4@dCNY38.00 | |
| 100 | @a20030116d2001 km y0chiy0120 ea | |
| 101 | 0 | @achi |
| 105 | @af z 000yy | |
| 200 | 1 | @a水稻病毒的分子生物学@AShui Dao Bing Du De Fen Zi Sheng Wu Xue@f李毅,陈章良编著@FLi Yi,Chen Zhang Liang Bian Zhu |
| 210 | @a北京@c科学出版社@d2001.2 | |
| 215 | @a249页@c附图版@d26cm | |
| 225 | @a“863”生物高技术丛书 | |
| 410 | @12001 @a“863”生物高技术丛书 | |
| 606 | 0 | @a水稻@x植物病害@x病毒@x分子生物学 |
| 606 | 0 | @a植物@x病虫害防治方法 |
| 690 | @aS435.111@v4 | |
| 701 | 0 | @a李毅@4编著 |
| 701 | 0 | @a陈章良@4编著 |
| 801 | @aCN@bTSTC@c20030116 | |
| 905 | @b319363-364@dS435.111@e18@f2 | |
| 水稻病毒的分子生物学/李毅,陈章良编著.-北京:科学出版社,2001.2 |
| 249页:附图版;26cm.-(“863”生物高技术丛书) |
| ISBN 7-03-008428-4:CNY38.00 |
| ● |
| 相关链接 |
|
|
|
|
正题名:水稻病毒的分子生物学
索取号:S435.111/18
 
预约/预借
| 序号 | 登录号 | 条形码 | 馆藏地/架位号 | 状态 | 备注 |
| 1 | 0319363 | 203193631 | 第二样本阅览室/ [索取号:S435.111/18] | 在馆 | |
| 2 | 0319364 | 203193640 | 第三借阅区/ [索取号:S435.111/18] | 在馆 |